| 000 | 00473nam a2200169Ia 4500 | ||
|---|---|---|---|
| 005 | 20250923144746.0 | ||
| 008 | 008 250917s9999 xx 000 0 eng d | ||
| 037 | _aTextual | ||
| 040 |
_aDSWL _beng _cDSWL |
||
| 041 |
_aeng _2eng |
||
| 084 |
_aY115u42.N5, K0 _qDSWL |
||
| 245 | 4 |
_aThe changing social postion of women in Japan _cby Unesco |
|
| 260 |
_bUnesco _c1961 |
||
| 300 | _a152p. | ||
| 942 |
_cTEXL _hY115u42.N5, K0 |
||
| 999 |
_c1442989 _d1442989 |
||